00530nam a22001937a 450000500170000001000130001702000100003003500130004003700160005304000120006908200130008110000250009424500670011926000520018630000240023850000190026265000310028165000240031220170124110032.0 aA-356914 c45.80 aA-356914 bCen Lib/Ret aDPLbEN a301bIYE aIyer, E. V. Ganapati aThe essentials for national progress /cby E. V. Ganapati Iyer aBangalorebGanapati Trans West Associatesc1987 axvi,280p.c21cm(Hb) aInculdes index aSociology and anthropology aPeople and progress